EMC z hlediska teorie a aplikace

Salvato in:
Dettagli Bibliografici
Autori principali: Kováč, Dobroslav (Autore), Kováčová, Irena (Autore), Kaňuch, Ján (Autore)
Natura: Libro
Lingua:ceco
Pubblicazione: Praha : BEN - technická literatura, 2006
Soggetti:
Tags: Aggiungi Tag
Nessun Tag, puoi essere il primo ad aggiungerne!!

MARC

LEADER 00000nam a22000003a 4500
001 stu129334
005 20150617225934.2
008 061108s2006----xr------------------cze-d
020 |a 80-7300-202-7 
040 |a STU  |b slo 
041 0 |a cze 
044 |a xr 
080 |a 537.8 
100 1 |a Kováč, Dobroslav  |4 aut 
245 1 |a EMC z hlediska teorie a aplikace 
260 |a Praha :  |b BEN - technická literatura,  |c 2006 
300 |a 216 s 
650 7 |a elektromagnetická kompatibilita  |2 stusub 
700 1 |a Kováčová, Irena  |4 aut 
700 1 |a Kaňuch, Ján  |4 aut 
996 |b 284EK86813  |c E*86813  |l EE08  |s P  |a 0  |w stu129334_0001 
996 |b 284EK86579  |c E*86579  |l EE12  |s P  |a 0  |w stu129334_0003 
996 |b 284EK86562  |c E*86562  |l EE01  |s A  |a 24  |w stu129334_0005 
996 |b 284EK90658  |c E*90658  |l EE0101  |s P  |a 0  |w stu129334_0006